ბათუმის შოთა რუსთაველის სახელმწიფო უნივერსიტეტის ბიბლიოთეკა

ჯონი (ბიბ.ჩანაწერი № 50966)

000 -LEADER
fixed length control field 00705nam a2200229Ia 4500
001 - CONTROL NUMBER
control field 17923
003 - CONTROL NUMBER IDENTIFIER
control field GE_BSU
008 - FIXED-LENGTH DATA ELEMENTS--GENERAL INFORMATION
fixed length control field 181216s||||||||xx |||||||||||||| ||und||
040 ## - CATALOGING SOURCE
Transcribing agency GE_BSU
080 ## - UNIVERSAL DECIMAL CLASSIFICATION NUMBER
Universal Decimal Classification number 821.353.1-311.3
100 ## - MAIN ENTRY--PERSONAL NAME
Personal name კილაძე, რევაზ
245 ## - TITLE STATEMENT
Title ჯონი
245 ## - TITLE STATEMENT
Remainder of title სათავგადასავლო რომანი
245 ## - TITLE STATEMENT
Statement of responsibility, etc. რედ.ტ.ხინთიბიძე. მხატვ. რ.ლომაძე
260 ## - PUBLICATION, DISTRIBUTION, ETC.
Place of publication, distribution, etc. ბათუმი
260 ## - PUBLICATION, DISTRIBUTION, ETC.
Name of publisher, distributor, etc. თამარიანი
260 ## - PUBLICATION, DISTRIBUTION, ETC.
Date of publication, distribution, etc. 1995
300 ## - PHYSICAL DESCRIPTION
Extent 70გვ. ; 20სმ.
653 ## - INDEX TERM--UNCONTROLLED
Uncontrolled term სათავგად. რომანი
653 ## - INDEX TERM--UNCONTROLLED
Uncontrolled term ჯონი
942 ## - ADDED ENTRY ELEMENTS (KOHA)
Koha item type წიგნი
ეგზემპლარები
Withdrawn status Lost status Damaged status Not for loan Date acquired Barcode Date last seen Price effective from Koha item type
        2018-12-17 22384 2018-12-17 2018-12-17 წიგნი
        2018-12-17 22383 2018-12-17 2018-12-17 წიგნი
        2018-12-17 22382 2018-12-17 2018-12-17 წიგნი
        2018-12-17 22381 2018-12-17 2018-12-17 წიგნი
        2018-12-17 22380 2018-12-17 2018-12-17 წიგნი
        2018-12-17 22379 2018-12-17 2018-12-17 წიგნი
        2018-12-17 22378 2018-12-17 2018-12-17 წიგნი
        2018-12-17 22377 2018-12-17 2018-12-17 წიგნი
        2018-12-17 22376 2018-12-17 2018-12-17 წიგნი